Insights/ (Record no. 95610)
[ view plain ]
| 000 -LEADER | |
|---|---|
| fixed length control field | 00338nam a22001457a 4500 |
| 005 - DATE AND TIME OF LATEST TRANSACTION | |
| control field | 20170724122909.0 |
| 008 - FIXED-LENGTH DATA ELEMENTS--GENERAL INFORMATION | |
| fixed length control field | 170724b xxu||||| |||| 00| 0 eng d |
| 022 ## - INTERNATIONAL STANDARD SERIAL NUMBER | |
| International Standard Serial Number | 20724586 |
| 040 ## - CATALOGING SOURCE | |
| Transcribing agency | PK-LaUMT |
| 082 ## - DEWEY DECIMAL CLASSIFICATION NUMBER | |
| Classification number | ZIAC 297.05 |
| Item number | INS- |
| 245 ## - TITLE STATEMENT | |
| Title | Insights/ |
| 260 ## - PUBLICATION, DISTRIBUTION, ETC. (IMPRINT) | |
| Place of publication, distribution, etc | Islamabad: |
| Name of publisher, distributor, etc | Dawah academy, |
| Date of publication, distribution, etc | 2010 |
| 300 ## - PHYSICAL DESCRIPTION | |
| Extent | 154 p. |
| 942 ## - ADDED ENTRY ELEMENTS (KOHA) | |
| Koha item type | Books |
| Withdrawn status | Lost status | Damaged status | Home library | Current library | Date acquired | Serial Enumeration / chronology | Full call number | Barcode | Date last seen | Copy number | Price effective from | Koha item type |
|---|---|---|---|---|---|---|---|---|---|---|---|---|
| UMT Main Campus | UMT Main Campus | 2017-07-24 | V-2 | ZIAC 297.05 INS- | 111218 | 2017-07-24 | C-1 | 2017-07-24 | Books | |||
| UMT Main Campus | UMT Main Campus | 2017-07-24 | V-2 | ZIAC 297.05 INS- | 111217 | 2017-07-24 | C-2 | 2017-07-24 | Books | |||
| UMT Main Campus | UMT Main Campus | 2017-07-24 | V-2 | ZIAC 297.05 INS- | 111216 | 2017-07-24 | C-3 | 2017-07-24 | Books |
